000 01180nam a2200301Ia 4500
999 _c54292
_d54292
001 21348
003 GE_BSU
005 20210909170618.0
008 181216s2017||||ru |||||||||||||| ||rus||
020 _a9785969303102
040 _cGE_BSU
041 _arus
080 _a665.65(075.8) Б-24
100 _aБардин, Д. Л.
_912419
245 _aНефтехимия /
_c Д. Л. Бардин, У. Л. Леффлер ; Ред. : Е. Бережнова и Н. Дмуховская ; Пер. с англ. З. Свитанько.
264 _aМосква :
_bОлимп-Бизнес,
_c2017.
300 _a481 стр. ;
_b Илл.,
_c22 см.
500 _aПредм. указатель стр. 469-481
541 _h102 Л.
546 _aПарал. заглавие на англ.
653 _aНефтехимия
653 _aნავთობის ტექნოლოგია
700 _aЛеффлер, У.Л.
_cАвтор
_912420
700 _aБережноваь Е.
_cРедактор
_912421
700 _aДмуховская,Н.
_cРедактор
_912422
700 _aСвитанько, З.
_cПер. с англ.
_912423
942 _cBK
_2udc